000 01934cam a2200289Ia 4500
001 murdermiragedocs00robe
003 CaSfIA
005 20210118191242.0
007 cr||||
008 810313s1972 nyu 000 1 eng d
040 _aZIH
_cZIH
_dBUF
_dCRU
_dCaSfIA
035 _a(OCoLC)7224068
050 1 4 _aPS3568.O237
_bM88 1972
100 1 _aRobeson, Kenneth.
245 1 0 _aMurder mirage :
_h[electronic resource]
_ba Doc Savage adventure /
_cby Kenneth Robeson.
260 _aNew York :
_bBantam,
_c1972, c1963.
300 _a153 p. ;
_c18 cm.
490 0 _aThe amazing adventures of Doc Savage ;
_v71
500 _a"S7418."
500 _a"Originally published in Doc Savage magazine January 1936."
505 0 0 _gI.
_tMidsummer snow --
_gII.
_t"Corpus deliciti" in glass --
_gIII.
_tMen of dark faces --
_gIV.
_tWindow attack --
_gV.
_tAn ancient warning --
_gVI.
_tAnalyzing the stone --
_gVII.
_tA mob goes blind --
_gVIII.
_tFussein, the bedouin --
_gIX.
_tChase through the fog --
_gX.
_tBlack magic --
_gXI. When the bay burned --
_gXII.
_tThe black yacht sinks --
_gXIII.
_tDeath rides the sky --
_gXIV.
_tCross-eyed beggar --
_gXV.
_tVanished raiders --
_gXVI.
_tThe dirigible dissolves --
_gXVII.
_tValley of Tasus --
_gXVIII.
_tStand in the tombs --
_gXIX.
_tThe staked woman --
_gXX.
_tOut of the tombs --
_gXXI.
_tBuried death glow --
_gXXII.
_tFleet of death --
_gXXIII.
_tThe all-wise one.
856 4 1 _uhttp://www.archive.org/details/murdermiragedocs00robe
_zFree eBook from the Internet Archive
856 4 2 _uhttp://www.openlibrary.org/books/OL24371689M
_zAdditional information and access via Open Library
942 _cEB
506 _fНеобхідна авторизація на https://archive.org/ (створення облікового запису безкоштовно)
506 _fНеобхідна авторизація на https://openlibrary.org/ (створення облікового запису безкоштовно)
999 _c527894
_d527894